Most Guessed Countries that start with C on JetPunk - Statistics

General Stats
  • This quiz has been taken 4,286 times
  • The average score is 5 of 7
Answer Stats
% guessed Country % Correct
97% Canada
93%
84% China
89%
82% Colombia
79%
79% Cambodia
72%
79% Chile
71%
76% Croatia
67%
77% Cameroon
58%
No matching quizzes found
Score Distribution
Percent of People with Each Score
Percentile by Number Answered
Your Score History
You have not taken this quiz